Biblioteca

Operación Mundo : Una guía diaria para la intercesión mundial / Patrick Johnsotone; Andrés Prins S. (Registro nro. 40651)

Detalles MARC
000 -LÍDER
Campo fijo de descripción fija 005410000a22001810004500
020 ## - NÚMERO INTERNACIONAL NORMALIZADO PARA LIBROS
Número Internacional Normalizado del libro 958-9149-33-2
041 0# - CÓDIGO DE IDIOMA
Código de idioma para texto/pista de sonido o título separado
082 04 - NÚMERO DE CLASIFICACIÓN DECIMAL DEWEY
Número de clasificación G 266.02 J736o
001 - NÚMERO DE CONTROL
Campo de control 11307
100 1# - ASIENTO PRINCIPAL--NOMBRE PERSONAL
Nombre personal Johnstone, Patrick
245 10 - TÍTULO
Título del Material Operación Mundo : Una guía diaria para la intercesión mundial / Patrick Johnsotone; Andrés Prins S.
260 ## - PUBLICACIÓN, DISTRIBUCIÓN, ETC. (PIE DE IMPRENTA)
Lugar de publicación, distribución, etc. [S.L] : CLC (ver Centros de Literatura Cristiana)
300 ## - DESCRIPCIÓN FÍSICA
Extensión 515 Pag
336 ## - CONTENT TYPE
Content type term texto
Content type code txt
Source rdacontent
337 ## - MEDIA TYPE
Source rdamedia
Media type term sin mediación
Media type code n
338 ## - CARRIER TYPE
Source rdacarrier
Carrier type term volumen
Carrier type code nc
942 ## - TIPO DE MATERIAL (KOHA)
Tipo de Item KOHA Libros General
Existencias
Estado de Material Estado de Perdido Estado de Dañado No para Préstamo Colección Tomo Biblioteca de Origen Biblioteca Permanente Fecha de Adquisición Total de Préstamos Signatura Topográfica Código de Barras Última vez visto Ejemplar/Existencia Fecha de Remplazo Tipo de Material Forma de Clasificación
        Colección General   Biblioteca FUSBC Biblioteca FUSBC 05/04/2005   G 266.02 J736o 15217 12/12/2019 2016-12-02 26/01/2016 Libros General  
        Colección General   Biblioteca FUSBC Biblioteca FUSBC 26/01/2005   G 266.02 J736o 6146 12/12/2019 2016-12-02 26/01/2016 Libros General  
        Colección General   Biblioteca FUSBC Biblioteca FUSBC 26/01/2005   G 266.02 J736o 6145 12/12/2019 2016-12-02 26/01/2016 Libros General  
        Colección General   Biblioteca FUSBC Biblioteca FUSBC 08/08/2011   G 266.02 J736o 17420 12/12/2019 2016-12-02 26/01/2016 Libros General Dewey Decimal Classification

Biblioteca FUSBC | Teléfono: (57+4) 349 88 10 Ext. 141| WhatsApp (+57) 3005338115 
E-mail: biblioteca@unisbc.edu.co | Calle 76 87-14 Robledo Palenque, Medellín, Colombia

Con tecnología Koha